Military Flags - Statistics

General Stats
  • This quiz has been taken 109 times
  • The average score is 8 of 16
Answer Stats
Picture Hint Answer % Correct
Military and ground forces Japan
96%
Coast Guard Bangladesh
91%
Navy Israel
88%
Army Canada
84%
Navy South Korea
80%
All branches Finland
59%
Army United Kingdom
55%
Army Ukraine
53%
Ground forces Sri Lanka
46%
Coast Guard Argentina
26%
Air Force Thailand
24%
Army Belgium
20%
Air Force Somalia
15%
Navy Albania
11%
Marines Brazil
9%
Navy Slovenia
8%
No matching quizzes found
Score Distribution
Percent of People with Each Score
Percentile by Number Answered
Your Score History
You have not taken this quiz